The Most Easiest Quiz #1 - Statistics

General Stats
  • This quiz has been taken 33 times
  • The average score is 5 of 8
Answer Stats
Question Answer % Correct
Which country has its capital as Washington? United States Of America
100%
What is 10 + 15? 25
96%
The boiling point of pure water is at a ____ degrees Celsius. 100
70%
“One small ___ for man, one giant leap for mankind.” What word is missing from the quote? Step
70%
What object has two wheels and is propelled by pedals? Bicycle
59%
The main character of Mission Impossible is starred by? Tom Cruise
52%
In 1939, Hitler invaded Poland. This was the start of ______. World War Two
33%
What part of a plant has stomata and can carry out photosynthesis? Leaves
26%
No matching quizzes found
Score Distribution
Percent of People with Each Score
Percentile by Number Answered
Your Score History
You have not taken this quiz